000 00800cam a2200301 4500
001 J4115
008 090401t1997 xxu||||| |||| 00| 0 eng d
035 _a(Sirsi) u58386
041 _aeng
050 _a332.6324
110 _aHillier Parker Research
_92002
245 _aAverage yields. - February 1997 - December 1997
260 _aLondon
_bHillier Parker
_c1997
300 _a4 pt. ; 30cm.
350 _a0
650 _aAVERAGE YIELDS
650 _aEQUITIES
650 _aGILTS
650 _aINDUSTRIAL PROPERTY
650 _aOFFICES
650 _aPROPERTY INVESTMENT
650 _aPROPERTY MARKET INDICATORS
650 _aSHOPS
650 _aYIELDS
690 _aPROPERTY-COMMERCIAL PROPERTY-COMMERCIAL PROPERTY FINANCE AND INVESTMENT
942 _n0
948 _c04/03/1997
999 _c94061
_d94061